[Finančný sektor v kontexte humanizácie ekonomiky a spoločnosti]

Recenzia na publikáciu, ktorá je viac venovaná väzbe humanizácie a finančného sektora, ale rozpracováva aj ďalšie fenomény (transformácia štátu, reformy a smerovanie EÚ, šedá a čierna ekonomika, či vývoj podnikateľského prostredia).

Guardado en:
Detalles Bibliográficos
Autor principal: Staněk, Peter
Formato: Capítulo de libro
Lenguaje:eslovaco
Materias:
Etiquetas: Agregar Etiqueta
Sin Etiquetas, Sea el primero en etiquetar este registro!

MARC

LEADER 00000nla a2200000 4500
001 0201997
005 20231121083408.0
041 0 |a slo 
044 |a SK 
245 1 0 |a [Finančný sektor v kontexte humanizácie ekonomiky a spoločnosti]  |c Peter Staněk 
520 |a Recenzia na publikáciu, ktorá je viac venovaná väzbe humanizácie a finančného sektora, ale rozpracováva aj ďalšie fenomény (transformácia štátu, reformy a smerovanie EÚ, šedá a čierna ekonomika, či vývoj podnikateľského prostredia). 
610 2 0 |a recenzie 
610 2 0 |a ekonómia 
610 2 0 |a spoločnosť 
610 2 0 |a transformácia 
610 2 0 |a štát 
100 1 |a Staněk, Peter